000 01072nam a2200289 i 4500
001 bg
003 KOSZ 005
005 20200424135039.0
008 981023s1987 pl a f f |000 0 pol
015 _aPB 1987/4459
035 _a(OCoLC)802472001
040 _aWA N
_cKOSZ 005/HR
_dKOSZ 005/HR
080 _a621.01
080 _a(075.8+076)
100 1 _aPogorzelski, Witold
_d(1895-1963).
245 1 0 _aZbiór zadań z teorii maszyn i mechanizmów /
_cWitold Pogorzelski, Wiesław Szydłowski.
260 _aWarszawa :
_bWydawnictwa Politechniki Warszawskiej,
_c1987.
300 _a127 s. :
_brys., wykr. ;
_c24 cm.
380 _aKsiążki.
650 4 _aMaszyny
_xbudowa i konstrukcje.
658 _aInżynieria i technika
655 4 _aĆwiczenia i zadania dla szkół wyższych
700 1 _aSzydłowski, Wiesław
_c(nauki techniczne).
710 2 _aWydawnictwa Politechniki Warszawskiej
_4pbl.
856 _uhttp://koha.tu.koszalin.pl/cgi-bin/koha/opac-detail.pl?biblionumber=3580
_yKatalog online BPK
942 _2UKD
_cKS
999 _c3580
_d3580